| 000 | 00732nam a2200229 i 4500 | ||
|---|---|---|---|
| 001 | 7051 | ||
| 003 | ES-MaACL | ||
| 005 | 20251012063034.0 | ||
| 007 | t| | ||
| 008 | 900814s1988 sp a |||| | spa d | ||
| 020 | _a84-86411-31-9 | ||
| 080 | _a796.51(234.1 Ayllón) | ||
| 100 | 1 |
_aRincón Álvarez, Manuel, _d1938- _9159009 |
|
| 245 | 1 | 0 |
_aAndar por el Macizo de Ayllón _b: 28 itinerarios / _cM. Rincón. |
| 260 |
_aMadrid : _bPenthalon, _cD.L. 1988. |
||
| 300 |
_a169 p. : _bil. ; _c20 cm. |
||
| 490 | 1 |
_aEl Búho viajero. Serie Aire libre ; _v22 |
|
| 650 | 4 |
_aExcursionismo- _zAyllón (España, Sierra) _9167959 |
|
| 830 | 0 | 3 |
_aEl búho viajero _v22 _9193499 |
| 852 |
_aES-MaACL _jL-14198 |
||
| 999 |
_c7051 _d7051 |
||